000 00664nam a2200229Ia 4500
001 9722
003 GE_BSU
008 181216s||||||||xx |||||||||||||| ||und||
040 _cGE_BSU
080 _a821.353.1-1
100 _aნიშნიანიძე,შოთა
245 _aბროწეულა
245 _bლექსები
245 _cრედ:ტ.ჭანტურია;მხატვ:.დ.დუნდუა
260 _aთბილისი.
260 _bნაკადული.
260 _c1966
300 _a83გვ;16სმ.
653 _aბროწეულა
653 _aლექსები
942 _cBK
999 _c43004
_d43004